Priateľstvo na scéne

Bibliographic Details
Main Author: (več) (Author)
Format: Article
Language:Slovak
Subjects:

MARC

LEADER 00000nab a2200000 a 4500
001 vtls000315630
003 SK-MaSNL
005 20260303203016.0
008 111201c1978 xo 0 slo
015 |a SNBRB19rr/mm-uuuuu 
035 |a CL0005722 
040 |a SNKBUCL  |b slo  |c SNKBUCL  |e AACR2 
041 0 |a slo 
044 |a xo  |c SK 
080 |a 792.2  |2 1981 
100 1 |a (več)  |4 aut  |9 921789 
245 1 0 |a Priateľstvo na scéne  |c (več) 
650 0 7 |a nemecké divadlo  |2 snkbucl  |9 3366 
650 0 7 |a Dni divadelného umenia NDR  |2 snkbucl  |9 1235136 
650 0 7 |a divadelné inscenácie  |2 snkbucl  |9 3326 
651 7 |a 5100  |2 snkbucl  |9 166206 
655 7 |a články z novín a časopisov  |2 snkbucl  |9 267496 
773 0 |t Večerník  |g Roč. 23, č. 51 (13. 3. 1978), s. 5 
850 |a Slovenská národná knižnica v Martine  |a MTA001 
852 |a SNK  |b KIS3GCP 
958 |a RK 
992 |a RBX 
999 |c 2183152  |d 2185082